Statistics for Home Cities of 2023-24 Heineken Cup Teams

Click here to take the quiz!

General Stats

  • This quiz has been taken 8 times
  • The average score is 17 of 24

Answer Stats

ClubCityCountry% Correct
DHL StormersCape TownSouth Africa
100%
LeinsterDublinIreland
100%
_______ WarriorsGlasgowScotland
100%
UlsterBelfast
83%
_______ BluesCardiffWales
83%
_______ TigersLeicesterEngland
83%
MunsterLimerick/CorkIreland
83%
SaracensLondonEngland
83%
HarlequinsLondonEngland
83%
_______ Olympique UniversitaireLyonFrance
83%
Stade FrancaisParisFrance
83%
Racing 92ParisFrance
83%
Vodacom BullsPretoriaSouth Africa
83%
Stade ___________ToulouseFrance
83%
_______ BéglesBordeauxFrance
67%
_______ BearsBristolEngland
67%
_______ SharksSaleEngland
67%
_______ RugbyBathEngland
50%
_______ ChiefsExeterEngland
50%
ConnachtGalwayIreland
50%
_______ SaintsNorthamptonEngland
50%
Stade _______La RochelleFrance
33%
RCTToulonFrance
33%
Aviron ______BayonneFrance
17%

Score Distribution

Percentile by Number Answered

Percent of People with Each Score

Your Score History

You have not taken this quiz